[Event "Davos Amateur op"]
[Site "Davos"]
[Date "2024.08.04"]
[Round "5"]
[White "Steinbach, Peter"]
[Black "Marmy, Milo"]
[Result "0-1"]
[WhiteElo "1922"]
[BlackElo "1746"]
[PlyCount "70"]
[EventDate "2024.08.02"]
[EventType "swiss"]
[EventRounds "5"]
[EventCountry "SUI"]
[SourceTitle "CBM 221 Extra"]
[Source "ChessBase"]
[SourceDate "2024.09.30"]
[SourceVersion "1"]
[SourceVersionDate "2024.09.30"]
[SourceQuality "1"]

1. Nf3 d5 2. g3 Nf6 3. Bg2 e6 4. 0-0 Be7 5. d3 0-0 6. Nbd2 c6 7. e4 Nbd7 8. e5 Ne8 9. Qe2 f6 10. d4 c5 11. c4 Nb6 12. dxc5 Bxc5 13. Nb3 Be7 14. cxd5 exd5 15. e6 Nc7 16. Nfd4 Bd6 17. Re1 Re8 18. Bh3 g6 19. Bh6 Na4 20. Rac1 Qe7 21. f4 Nc5 22. Qg4 Kh8 23. f5 g5 24. Qh5 Nd3 25. Qf7 Qxf7 26. exf7 Rxe1+ 27. Rxe1 Nxe1 28. Ne6 Bxe6 29. fxe6 Nf3+ 30. Kf2 Ne5 31. Bf5 Bf8 32. Bxf8 Rxf8 33. Nc5 b6 34. Na6 Nxe6 35. Bxe6 Nxf7 0-1

[Event "Davos Amateur op"]
[Site "Davos"]
[Date "2024.08.03"]
[Round "3"]
[White "Steinbach, Peter"]
[Black "Gloor, Claudio"]
[Result "1/2-1/2"]
[WhiteElo "1922"]
[BlackElo "2070"]
[PlyCount "69"]
[EventDate "2024.08.02"]
[EventType "swiss"]
[EventRounds "5"]
[EventCountry "SUI"]
[SourceTitle "CBM 221 Extra"]
[Source "ChessBase"]
[SourceDate "2024.09.30"]
[SourceVersion "1"]
[SourceVersionDate "2024.09.30"]
[SourceQuality "1"]

1. Nf3 Nf6 2. g3 g6 3. Bg2 Bg7 4. d4 0-0 5. c4 c6 6. Nc3 d5 7. 0-0 dxc4 8. Ne5 Nbd7 9. Nxc4 Nb6 10. Ne5 Nfd5 11. Nxd5 Nxd5 12. e4 Nb6 13. Nf3 Bg4 14. Be3 e5 15. dxe5 Bxf3 16. Bxf3 Bxe5 17. Qc2 Qf6 18. Bg2 Bxb2 19. Rad1 Rfd8 20. h4 Qc3 21. Qe2 Qg7 22. h5 Be5 23. h6 Qf6 24. f4 Bd4 25. Rxd4 Rxd4 26. Qb2 c5 27. e5 Qe7 28. Bxd4 cxd4 29. Qxd4 Rd8 30. Qe4 Qc5+ 31. Kh2 Qf8 32. e6 Re8 33. exf7+ Qxf7 34. Qxb7 Qxb7 35. Bxb7 1/2-1/2

[Event "Wil Acrevis op 1st"]
[Site "Wil"]
[Date "2020.06.21"]
[Round "4"]
[White "Zoller, Patrik"]
[Black "Steinbach, Peter"]
[Result "1/2-1/2"]
[WhiteElo "1689"]
[BlackElo "1921"]
[PlyCount "47"]
[EventDate "2020.06.19"]
[EventType "swiss"]
[EventRounds "5"]
[EventCountry "SUI"]
[SourceTitle "CBM 197 Extra"]
[Source "ChessBase"]
[SourceDate "2020.09.30"]
[SourceVersion "1"]
[SourceVersionDate "2020.09.30"]
[SourceQuality "1"]

1. Nf3 g6 2. g3 Nf6 3. b4 Bg7 4. Bb2 b6 5. Bg2 Bb7 6. 0-0 0-0 7. d3 a5 8. a3 axb4 9. axb4 Rxa1 10. Bxa1 Na6 11. b5 Nc5 12. Nbd2 d6 13. c4 e5 14. Qc2 Qe7 15. e4 Ra8 16. Nb3 Nfd7 17. Nfd2 Bh6 18. d4 Ne6 19. dxe5 dxe5 20. Nf3 Bg7 21. Bc3 Ndc5 22. Nbd2 Qd6 23. Qb2 Nd7 24. Ra1 1/2-1/2

[Event "Forchheim op 17th"]
[Site "Forchheim"]
[Date "2018.09.21"]
[Round "1"]
[White "Steinbach, Peter"]
[Black "Steinhart, Christoph"]
[Result "0-1"]
[WhiteElo "1959"]
[BlackElo "1987"]
[PlyCount "52"]
[EventDate "2018.09.21"]
[EventType "swiss"]
[EventRounds "5"]
[EventCountry "GER"]
[SourceTitle "EXT 2019"]
[Source "ChessBase"]
[SourceDate "2018.10.10"]
[SourceVersion "1"]
[SourceVersionDate "2018.10.10"]
[SourceQuality "1"]

1. d4 e6 2. e4 d5 3. e5 c5 4. c3 Nc6 5. Nf3 Qb6 6. Be2 Nh6 7. Na3 cxd4 8. cxd4 Bb4+ 9. Kf1 Nf5 10. Nc2 h5 11. a3 Be7 12. b4 Bd7 13. Qd2 g5 14. h3 0-0-0 15. Nxg5 Bxg5 16. Qxg5 Ncxd4 17. Nxd4 Qxd4 18. Ra2 Bb5 19. Qd2 Bxe2+ 20. Qxe2 Kb8 21. Bb2 Qf4 22. Kg1 d4 23. g3 Rhg8 24. Rh2 d3 25. Qf1 Nxg3 26. fxg3 Rxg3+ 0-1

[Event "Arber op 7th"]
[Site "Bodenmais"]
[Date "2018.08.02"]
[Round "6"]
[White "Steinbach, Peter"]
[Black "Heydt, Robert"]
[Result "1-0"]
[WhiteElo "2000"]
[BlackElo "1701"]
[PlyCount "57"]
[EventDate "2018.07.28"]
[EventType "swiss"]
[EventRounds "9"]
[EventCountry "GER"]
[SourceTitle "CBM 185 Extra"]
[Source "ChessBase"]
[SourceDate "2018.07.29"]
[SourceVersion "1"]
[SourceVersionDate "2018.07.29"]
[SourceQuality "1"]

1. e4 c5 2. Nc3 Nc6 3. f4 g6 4. Nf3 Bg7 5. Bc4 e6 6. 0-0 Nge7 7. Qe1 d5 8. exd5 exd5 9. Nxd5 0-0 10. Nxe7+ Nxe7 11. d3 Nf5 12. c3 Bd7 13. Qf2 Rc8 14. a4 Bc6 15. Bd2 Bxf3 16. Qxf3 Qb6 17. a5 Qc7 18. a6 b6 19. Rae1 Nd6 20. Bd5 b5 21. Re2 Rfe8 22. Rfe1 Rxe2 23. Rxe2 Bf8 24. g4 Kg7 25. f5 f6 26. fxg6 hxg6 27. Re6 Be7 28. Qe3 Re8 29. Qh6+ 1-0

[Event "Wuerttemberg-ch Cand"]
[Site "Lindau"]
[Date "2009.09.06"]
[Round "9"]
[White "Schmidt, Martin5"]
[Black "Steinbach, Peter"]
[Result "0-1"]
[WhiteElo "1885"]
[BlackElo "2064"]
[PlyCount "114"]
[EventDate "2009.08.29"]
[EventType "swiss"]
[EventRounds "9"]
[EventCountry "GER"]
[SourceTitle "EXT 2023"]
[Source "ChessBase"]
[SourceDate "2022.10.05"]
[SourceVersion "1"]
[SourceVersionDate "2022.10.05"]
[SourceQuality "1"]

1. e4 c6 2. d4 d5 3. Nc3 dxe4 4. Nxe4 Bf5 5. Ng3 Bg6 6. h4 h6 7. Nf3 Nd7 8. Bd3 Bxd3 9. Qxd3 e6 10. Bf4 Qa5+ 11. c3 Be7 12. Ne5 Ngf6 13. 0-0 Rd8 14. Nc4 Qa6 15. Bc7 b5 16. Ne5 Rc8 17. Nxd7 Nxd7 18. Bf4 0-0 19. a4 Qb7 20. axb5 cxb5 21. Ra5 a6 22. Ne4 Rc6 23. Qg3 e5 24. dxe5 Rg6 25. Qf3 Nc5 26. Re1 Bxh4 27. b4 Nxe4 28. Qxe4 Qxe4 29. Rxe4 Rd8 30. g3 Be7 31. e6 Rxe6 32. Rxe6 fxe6 33. Rxa6 Kf7 34. Be5 Rd5 35. f4 g5 36. Rb6 gxf4 37. gxf4 h5 38. Kg2 Bf6 39. Bd4 Bxd4 40. cxd4 Kf6 41. Kf3 Kf5 42. Rb8 h4 43. Rf8+ Kg6 44. Re8 Kf6 45. Rh8 Rxd4 46. Rxh4 Rxb4 47. Rh7 Rb1 48. Rb7 b4 49. Ke4 b3 50. Kd3 Kf5 51. Rb4 b2 52. Kc2 Rf1 53. Kxb2 Rxf4 54. Rb3 e5 55. Kc2 Rd4 56. Rd3 Rxd3 57. Kxd3 Kf4 0-1

[Event "Wuerttemberg-ch Cand"]
[Site "Lindau"]
[Date "2009.08.30"]
[Round "2"]
[White "Steinbach, Peter"]
[Black "Boldt, Dietmar"]
[Result "1-0"]
[WhiteElo "2064"]
[BlackElo "1784"]
[PlyCount "95"]
[EventDate "2009.08.29"]
[EventType "swiss"]
[EventRounds "9"]
[EventCountry "GER"]
[SourceTitle "EXT 2023"]
[Source "ChessBase"]
[SourceDate "2022.10.05"]
[SourceVersion "1"]
[SourceVersionDate "2022.10.05"]
[SourceQuality "1"]

1. d4 Nf6 2. Bg5 Ne4 3. Bf4 c5 4. f3 Nf6 5. dxc5 Nc6 6. e4 Qa5+ 7. Qd2 Qxc5 8. Nc3 d6 9. 0-0-0 Be6 10. h4 Rc8 11. Nh3 g6 12. Ng5 Bg7 13. Nxe6 fxe6 14. Bh6 Bxh6 15. Qxh6 Kd7 16. Qg5 Ne5 17. Bb5+ Kd8 18. Rxd6+ exd6 19. Qxf6+ Kc7 20. Qxe6 Kb8 21. Rd1 a6 22. Ba4 Rhd8 23. Kb1 Nc4 24. Nd5 Nb6 25. Nxb6 Qxb6 26. Bb3 Re8 27. Qxd6+ Qxd6 28. Rxd6 Re7 29. Kc1 Kc7 30. Rd3 Rf8 31. Bd5 Rf4 32. Rb3 b6 33. Rc3+ Kb8 34. g3 Rf8 35. f4 Rc7 36. Rb3 b5 37. a4 Rc5 38. c4 Rfc8 39. Kd2 Ka7 40. axb5 axb5 41. cxb5 Rc2+ 42. Kd3 Kb6 43. Bc6 Rc1 44. Kd4 Rd1+ 45. Ke5 Rd2 46. Bd5 Rc5 47. Kf6 Rg2 48. Bc6 1-0

[Event "Stuttgart-chA int"]
[Site "Ditzingen"]
[Date "2009.05.21"]
[Round "2"]
[White "Schmid, Eugen"]
[Black "Steinbach, Peter"]
[Result "1-0"]
[WhiteElo "1944"]
[BlackElo "2060"]
[PlyCount "38"]
[EventDate "2009.05.21"]
[EventType "swiss"]
[EventRounds "7"]
[EventCountry "GER"]
[SourceTitle "EXT 2018"]
[Source "ChessBase"]
[SourceDate "2017.10.13"]
[SourceVersion "1"]
[SourceVersionDate "2017.10.13"]
[SourceQuality "1"]

1. d4 Nf6 2. Nf3 g6 3. c4 Bg7 4. Nc3 0-0 5. e4 d6 6. Be2 e5 7. 0-0 Na6 8. dxe5 dxe5 9. Qc2 Qe8 10. a3 c6 11. h3 Be6 12. Be3 Qe7 13. Rfd1 Rfe8 14. b4 Nh5 15. b5 Nc5 16. bxc6 bxc6 17. Na4 Nxa4 18. Qxa4 Nf4 19. Bf1 Red8 1-0

[Event "Stuttgart-chA int"]
[Site "Ditzingen"]
[Date "2006.05.28"]
[Round "7"]
[White "Steinbach, Peter"]
[Black "Unger, Franz"]
[Result "1-0"]
[WhiteElo "1909"]
[BlackElo "1997"]
[PlyCount "79"]
[EventDate "2006.05.25"]
[EventType "swiss"]
[EventRounds "7"]
[EventCountry "GER"]
[SourceTitle "EXT 2018"]
[Source "ChessBase"]
[SourceDate "2017.10.13"]
[SourceVersion "1"]
[SourceVersionDate "2017.10.13"]
[SourceQuality "1"]

1. d4 d5 2. Nf3 c6 3. c4 e6 4. g3 dxc4 5. Bg2 b5 6. 0-0 Nd7 7. a4 Bb7 8. e4 Ngf6 9. Qe2 a6 10. Re1 Be7 11. Nc3 0-0 12. d5 exd5 13. axb5 cxb5 14. e5 Ne4 15. Bf4 Ndc5 16. Nxe4 Nxe4 17. Nd4 Bc5 18. Rad1 Qb6 19. Be3 Bxd4 20. Rxd4 Qe6 21. f4 f6 22. Bxe4 dxe4 23. Rd6 Qe7 24. Red1 Rf7 25. e6 Rff8 26. Rd7 Qxe6 27. Rxb7 Rfd8 28. Rb6 Qc8 29. Qc2 Rd3 30. Qe2 Qd7 31. Ra1 a5 32. Rxa5 Rxa5 33. Rb8+ Kf7 34. Qh5+ Ke6 35. Re8+ Qe7 36. Qg4+ Kf7 37. Rxe7+ Kxe7 38. Qxg7+ Ke6 39. Qg8+ Kf5 40. g4# 1-0

[Event "Oberliga Wuerttemberg 0304"]
[Site "Wuerttemberg"]
[Date "2004.01.19"]
[Round "5.8"]
[White "Weisenburger, Horst"]
[Black "Steinbach, Peter"]
[Result "0-1"]
[WhiteElo "2188"]
[BlackElo "2232"]
[PlyCount "80"]
[EventDate "2003.09.28"]
[EventType "team"]
[EventRounds "9"]
[EventCountry "GER"]
[SourceTitle "EXT 2006"]
[Source "ChessBase"]
[SourceDate "2005.11.24"]
[SourceVersion "1"]
[SourceVersionDate "2005.11.24"]
[SourceQuality "1"]
[WhiteTeam "Sindelfingen"]
[BlackTeam "Pfullingen"]
[WhiteTeamCountry "GER"]
[BlackTeamCountry "GER"]

1. e4 c5 2. f4 d5 3. exd5 Nf6 4. Bb5+ Bd7 5. Bxd7+ Qxd7 6. c4 e6 7. Qe2 Bd6 8. d3 0-0 9. dxe6 fxe6 10. Nf3 Nc6 11. Nc3 e5 12. f5 Nd4 13. Nxd4 exd4 14. Ne4 Nxe4 15. dxe4 Rae8 16. 0-0 Rxf5 17. Bd2 Qe6 18. Rxf5 Qxf5 19. Re1 Qg6 20. g3 Be5 21. Qd3 Rf8 22. Rf1 Rxf1+ 23. Kxf1 h5 24. Qf3 h4 25. Kg2 hxg3 26. hxg3 Qe6 27. b3 g6 28. Bh6 Kh7 29. Bg5 Kg7 30. g4 d3 31. Bd2 Qd6 32. Qe3 Kg8 33. Qg5 Kf7 34. Qe3 Qe6 35. Kh3 Qd7 36. Qf3+ Kg8 37. Qe3 Qh7+ 38. Kg2 Qh2+ 39. Kf1 Qh1+ 40. Kf2 Bd4 0-1